000 nam a22 a 4500
999 _c3816
_d3816
005 20170524091201.0
008 170524b1986 -us||||| |||| 00| 0 eng d
020 _a0669047147
040 _aAKMAL
082 0 4 _a808.02 STE
090 _a808.02
_bSTE
100 _aStewart, Donald C.
_97549
245 _aThe Versatile Writer
_cStewart, Donald C.
260 _aUnited States
_bD. C.Heath and Company
_c1986
300 _a381p
_c24cm
942 _2ddc
_cBOOK